LEADER 00887nam--2200313---450 001 990000748080203316 005 20210505100106.0 010 $a88-15-000009-7 035 $a0074808 035 $aUSA010074808 035 $a(ALEPH)000074808USA01 100 $a20011119d1983----km y1itay5003----ba 101 0 $aita 102 $aIT 200 1 $aIndagine sulla irrigazione$fIstituto nazionale di economia agraria 210 $aBologna$cIl Mulino$d1983 215 $a310 p$d30 cm 606 0 $aIrrigazione$2BNCF 676 $a333.913 710 02$aIstituto nazionale di economia agraria$0352855 801 0$aIT$bsalbc$gISBD 912 $a990000748080203316 951 $a333.913 IND 1 (IEP I 127)$b67906 EC$cIEP I$d00198197 951 $a300 333.913 IST$b270 DISES 959 $aBK 969 $aECO 969 $aDISES 996 $aIndagine sulla irrigazione$9963304 997 $aUNISA